[Event "Salvador"]
[Site "Salvador"]
[Date "2011.08.04"]
[Round "3"]
[White "Santos, Vitor Mauricio"]
[Black "Paterson, Carlos Alberto"]
[Result "1/2-1/2"]
[WhiteElo "2220"]
[BlackElo "2185"]
[PlyCount "54"]
[EventDate "2011.08.02"]
[EventType "tourn"]
[EventRounds "9"]
[EventCountry "BRA"]
[EventCategory "2"]
[SourceTitle "CBM 144 Extra"]
[Source "ChessBase"]
[SourceDate "2011.10.28"]
[SourceVersion "1"]
[SourceVersionDate "2011.10.28"]
[SourceQuality "1"]

1. e4 e6 2. d4 d6 3. Nf3 Nf6 4. Bd3 Be7 5. 0-0 0-0 6. Nbd2 Nc6 7. c3 e5 8. d5 Nb8 9. Re1 Nh5 10. g3 Bg4 11. Bf1 Qc8 12. Bg2 g6 13. Qc2 Ng7 14. Kh1 f5 15. Ng1 f4 16. f3 fxg3 17. hxg3 Nh5 18. Nf1 Bd7 19. Bh6 Rf7 20. Kh2 Bf8 21. Be3 c6 22. dxc6 bxc6 23. c4 c5 24. Ne2 Nc6 25. Nc3 Rb8 26. b3 Qd8 27. Nd5 Nf6 1/2-1/2

[Event "BRA-ch U26"]
[Site "Blumenau"]
[Date "2010.11.14"]
[Round "6"]
[White "Guara Neto, Argemiro Braga"]
[Black "Santos, Vitor Mauricio"]
[Result "1/2-1/2"]
[WhiteElo "2080"]
[BlackElo "2220"]
[PlyCount "41"]
[EventDate "2010.11.11"]
[EventType "swiss"]
[EventRounds "7"]
[EventCountry "BRA"]
[SourceTitle "CBM 139 Extra"]
[Source "ChessBase"]
[SourceDate "2011.01.05"]
[SourceVersion "1"]
[SourceVersionDate "2011.01.05"]
[SourceQuality "1"]

1. d4 Nf6 2. c4 e6 3. Nf3 b6 4. g3 Bb7 5. Bg2 Be7 6. 0-0 0-0 7. Nc3 Ne4 8. Nxe4 Bxe4 9. Bd2 f5 10. Ne5 Bxg2 11. Kxg2 Bf6 12. Bc3 d6 13. Nf3 Nd7 14. Rc1 g6 15. Qc2 Bg7 16. h4 h6 17. Rce1 Nf6 18. Nd2 d5 19. f3 Kh7 20. e4 Nh5 21. cxd5 1/2-1/2